Fundamentals of Risk and Insurance/ (Record no. 78760)

MARC details
000 -LEADER
fixed length control field 00726nam a22002177a 4500
005 - DATE AND TIME OF LATEST TRANSACTION
control field 20130906142444.0
010 ## - LCCN (DPL NO)
LC control number B-512494-504
020 ## - INTERNATIONAL STANDARD BOOK NUMBER
International Standard Book Number 9788126513062
035 ## - SYSTEM CONTROL NUMBER
System control number B-512494-504
037 ## - SOURCE OF ACQUISITION
Stock number BSB/Ven
Source of stock number/acquisition DPL
082 ## - DEWEY DECIMAL CLASSIFICATION NUMBER
Edition number 9th ed
Classification number 368
100 ## - MAIN ENTRY--PERSONAL NAME
Personal name Vaughan, Emmett J.
245 ## - TITLE STATEMENT
Title Fundamentals of Risk and Insurance/
Statement of responsibility, etc by Emmett J. Vaughan
260 ## - PUBLICATION, DISTRIBUTION, ETC. (IMPRINT)
Place of publication, distribution, etc New Delhi
Name of publisher, distributor, etc John Wiley & Sons, Inc
Date of publication, distribution, etc 2003
270 ## - ADDRESS
Address 4435/7, Ansari Road, Daryaganj
City New Delhi
Postal code 110002
300 ## - PHYSICAL DESCRIPTION
Extent xvi,686p
Other physical details ill.
Dimensions 24cm.(Pbk)
500 ## - GENERAL NOTE
General note Include induex
700 ## - ADDED ENTRY--PERSONAL NAME
Dates associated with a name Vaughan, Therese
942 ## - ADDED ENTRY ELEMENTS (KOHA)
Source of classification or shelving scheme Dewey Decimal Classification
Item type English Books
Call number suffix VAU
Classification part 368
Holdings
Withdrawn status Lost status Not for loan Collection code Home library Current library Date acquired Source of acquisition Cost, normal purchase price Full call number Barcode Copy number Cost, replacement price Koha item type
      Non-fiction Central Library Central Library 05/09/2013 BSB/BL883/09.03.2013/169/08.03.2013/22.03.2013 549.00 368 VAU B-512494 1 549.00 English Books
      Non-fiction Janak Puri Janak Puri 05/09/2013 BSB/BL883/09.03.2013/169/08.03.2013/22.03.2013 549.00 368 VAU B-512497 1 549.00 English Books
      Non-fiction Karol Bagh Karol Bagh 05/09/2013 BSB/BL883/09.03.2013/169/08.03.2013/22.03.2013 549.00 368 VAU B-512501 1 549.00 English Books
      Non-fiction Kasturba Gandhi Marg Kasturba Gandhi Marg 05/09/2013 BSB/BL883/09.03.2013/169/08.03.2013/22.03.2013 549.00 368 VAU B-512496 1 549.00 English Books
      Non-fiction Narela Narela 05/09/2013 BSB/BL883/09.03.2013/169/08.03.2013/22.03.2013 549.00 368 VAU B-512502 1 549.00 English Books
      Non-fiction Patel Nagar Patel Nagar 05/09/2013 BSB/BL883/09.03.2013/169/08.03.2013/22.03.2013 549.00 368 VAU B-512495 1 549.00 English Books
      Non-fiction R.K.Puram-8 R.K.Puram-8 05/09/2013 BSB/BL883/09.03.2013/169/08.03.2013/22.03.2013 549.00 368 VAU B-512499 1 549.00 English Books
      Non-fiction Sarojini Nagar Sarojini Nagar 05/09/2013 BSB/BL883/09.03.2013/169/08.03.2013/22.03.2013 549.00 368 VAU B-512498 1 549.00 English Books
      Non-fiction Shahdara Branch Shahdara Branch 05/09/2013 BSB/BL883/09.03.2013/169/08.03.2013/22.03.2013 549.00 368 VAU B-512503 1 549.00 English Books
      Non-fiction Vinoba Puri Vinoba Puri 05/09/2013 BSB/BL883/09.03.2013/169/08.03.2013/22.03.2013 549.00 368 VAU B-512500 1 549.00 English Books
      Non-fiction Yojana Vihar Yojana Vihar 05/09/2013 BSB/BL883/09.03.2013/169/08.03.2013/22.03.2013 549.00 368 VAU B-512504 1 549.00 English Books

© Delhi Public Library
Hit Counter
free hit counter